| 000 | 00763nam a2200229Ia 4500 | ||
|---|---|---|---|
| 001 | 15556 | ||
| 003 | GE_BSU | ||
| 008 | 181216s||||||||xx |||||||||||||| ||und|| | ||
| 040 | _cGE_BSU | ||
| 080 | _a821.353.1-1 + 821.353.1-11 | ||
| 100 | _aცეცხლაძე, გრიგოლ | ||
| 245 | _aერთტომეული | ||
| 245 | _bლექსები. პოემები. | ||
| 245 | _cრედ.მ.ქოიავა. მხატვ. სპ.ცინცაძე | ||
| 260 | _aთბილისი | ||
| 260 | _bმერანი | ||
| 260 | _c1972 | ||
| 300 | _a321გვ. : 1 ფ. პორტრ. ; 20სმ | ||
| 653 | _aერთტომეული | ||
| 653 | _aლექსები. პოემები. | ||
| 942 | _cBK | ||
| 999 |
_c48656 _d48656 |
||